Language Quiz

Random Language Quiz

Lee Ann Rhymes Quiz Stats

 Plays Quiz not verified by Sporcle

Score 0/65 Timer 05:00
0 Plays Today
% Correct
be
98%
see
96.2%
fee
94.8%
me
94.6%
can
94.2%
pee
94%
bee
93%
gee
93%
he
92.7%
we
92.6%
ban
92.6%
pan
92.5%
man
92%
tee
91.1%
tan
91.1%
fan
90.6%
ran
88.3%
dee
88.1%
free
87.8%
flee
85.5%
glee
83.2%
tree
82.8%
dan
80.9%
knee
79.9%
plan
78.4%
wee
76.9%
she
75.3%
tea
75%
vee
74.6%
bran
74.3%
zee
73.5%
plea
73.1%
clan
72.3%
% Correct
lea
71.3%
re
70.7%
van
70.7%
the
70.6%
key
70.2%
ye
68.5%
flea
67.9%
cee
67.3%
flan
66.3%
sea
66.3%
thee
65.3%
an
64.3%
pea
63.8%
gran
56.3%
span
55.5%
than
52.5%
scan
51.8%
gree
50.8%
ghee/ghi
49.6%
ski
46.6%
spree
44.4%
three
43.7%
whee
37.6%
dree
31.3%
pree
27.6%
twee
27.6%
scree
20.3%
mi
19.1%
si
17.3%
ti
16%
panne
14.6%
sri/shri
7.6%

You're not logged in!

Compare scores with friends on all Sporcle quizzes.
OR
Log In

Sporcle TV

Today on Sporcle TV


Watch our educational content, quiz creation guides, and fun videos on Sporcle TV.

Show Comments

Extras

Top Quizzes Today


Score Distribution

Your Account Isn't Verified!

In order to create a playlist on Sporcle, you need to verify the email address you used during registration. Go to your Sporcle Settings to finish the process.

Report this User

Report this user for behavior that violates our Community Guidelines.

Details: